000
00217 a2200097 4500
001
38419
100
_a
Johnson D
245
_a
Advanced structural mechanics
260
_a
G Br
_b
Collins
_c
1986
090
_c
24405
_d
24405
942
_a
NUST-CAE
_c
M
_c
16009
999
_c
273492
_d
273492